Význam odborného jazyka a akademického štýlu v prostredí univerzít a vysokých škôl

Základné znaky odborného jazyka ako nástroja na produkciu akademických a vedeckých textov, najmä však záverečných prác. Terminológia ako báza odborného textu. Záverečné práce ako príklady písomných útvarov akademickej komunikácie, ich náležitosti a chyby.

Guardado en:
Detalles Bibliográficos
Autor principal: Čiefová, Michaela, 1991-
Formato: Capítulo de libro
Lenguaje:eslovaco
Materias:
Etiquetas: Agregar Etiqueta
Sin Etiquetas, Sea el primero en etiquetar este registro!

MARC

LEADER 00000nla a2200000 4500
001 0240159
005 20240502073910.1
041 0 |a slo 
044 |a SK 
245 1 0 |a Význam odborného jazyka a akademického štýlu v prostredí univerzít a vysokých škôl  |c Michaela Čiefová 
520 |a Základné znaky odborného jazyka ako nástroja na produkciu akademických a vedeckých textov, najmä však záverečných prác. Terminológia ako báza odborného textu. Záverečné práce ako príklady písomných útvarov akademickej komunikácie, ich náležitosti a chyby. 
610 2 0 |a vzdelávanie vysokoškolské 
610 2 0 |a didaktika 
610 2 0 |a jazyk odborný 
610 2 0 |a zručnosti 
610 2 0 |a kompetencie komunikačné 
610 2 0 |a angličtina 
610 2 0 |a jazykoveda 
610 2 0 |a jazyky cudzie 
610 2 0 |a kompetencie 
610 2 0 |a komunikácia 
610 2 0 |a nemčina 
610 2 0 |a písomníctvo 
610 2 0 |a slovenčina 
610 2 0 |a školy vysoké 
610 2 0 |a študenti 
610 2 0 |a univerzity 
610 2 0 |a veda 
610 2 0 |a vzdelávanie 
610 2 0 |a gramatika 
610 2 0 |a práce diplomové 
610 2 0 |a terminológia 
100 1 |a Čiefová, Michaela, 1991-